Normal view MARC view

Entry Topical Term

Number of records used in: 1

001 - CONTROL NUMBER

  • control field: 32184

003 - CONTROL NUMBER IDENTIFIER

  • control field: OSt

005 - DATE AND TIME OF LATEST TRANSACTION

  • control field: 20260701102354.0

008 - FIXED-LENGTH DATA ELEMENTS

  • fixed length control field: 260701|| aca||aabn | a|a d

040 ## - CATALOGING SOURCE

  • Original cataloging agency: OSt
  • Transcribing agency: OSt

150 ## - HEADING--TOPICAL TERM

  • Topical term or geographic name entry element: Small Schools - Colorado - Case studies

670 ## - SOURCE DATA FOUND

  • Source citation: Work cat.: (OSt)25702: Cuban, Larry 32180, Against the Odds : Insights from One District's small scool Reform, 2010

Powered by Koha